000
00281nam a2200121Ia 4500
005
20251222144847.0
008
251222s9999||||xx |||||||||||||| ||spa||
082
_a
891.32/D93S
100
_a
Dostoievski, Fiodor
245
0
_a
Stories
264
_b
Progress Publishers
942
_c
LIB
999
_c
21453
_d
21453